Random Vocaloid Knowledge - Statistics

General Stats
  • This quiz has been taken 102 times
  • The average score is 9 of 15
Answer Stats
Question Answer % Correct
How old is Hatsune Miku? 16
98%
How many Vocaloids are playable characters in Project SEKAI? 6
84%
Who is the yellow one that wasn't in Mesmerizer? Akita Neru
84%
Which Vocaloid song starts with "Sekai de ichiban ohime-sama"? World is Mine
84%
What is the song 'Popipo' about? Vegetable Juice
79%
What is Kagamine Len's food item? Banana
77%
What year was KAITO released? 2006
73%
When is Hatsune Miku Day? March 9th
67%
Which Vocaloid producer made the song 'ECHO'? Crusher-P
58%
Who were the first Vocaloid voicebanks? Leon and Lola
48%
What does CFM stand for? Crypton Future Media
37%
Which Vocaloid can be seen wearing a red randoseru? Kaai Yuki
33%
Which Vocaloids sing the song 'Hurting for a Very Hurtful Pain'? VY1 and VY2
20%
Who is Megurine Luka's voice provider? Asakawa Yu
19%
In which anime did a character dress up as Miku? Lucky Star
17%
No matching quizzes found
Score Distribution
Percent of People with Each Score
Percentile by Number Answered
Your Score History
You have not taken this quiz